000 00217 a2200109 4500
020 _a9789582426095
041 _aspa
100 _aSantillana
245 _aLos caminos del saber lenguje 4
942 _cBK
952 _71
999 _c21471
_d21471